[Event "AUTO-ADV-4273"]
[Site "http://www.queenalice.com/game.php?id=1592706"]
[Date "2019.12.11"]
[Round "1"]
[White "Canaye"]
[Black "fabianobueno21"]
[Result "1-0"]
[WhiteElo "1817"]
[BlackElo "1856"]

1. d4 d5 2. c4 c6 3. Nc3 Nf6 4. cxd5 cxd5 5. h3 Nc6 6. Bf4 Qb6 7. Nf3 Qxb2 8.
Qc1 Qxc1+ 9. Rxc1 e6 10. e3 Ba3 11. Rb1 O-O 12. Be2 1-0

[Event "AUTO-ADV-4273"]
[Site "http://www.queenalice.com/game.php?id=1592707"]
[Date "2019.12.11"]
[Round "1"]
[White "fabianobueno21"]
[Black "Canaye"]
[Result "0-1"]
[WhiteElo "1838"]
[BlackElo "1835"]

1. e4 e6 2. d4 d5 3. e5 c5 4. c3 Nc6 5. Nf3 cxd4 6. cxd4 Bb4+ 7. Nc3 Nge7 8. a3
Bxc3+ 9. bxc3 Qa5 10. Bd2 Qc7 11. Bd3 Ng6 12. Bxg6 hxg6 0-1

[Event "AUTO-ADV-4273"]
[Site "http://www.queenalice.com/game.php?id=1592728"]
[Date "2019.12.11"]
[Round "1"]
[White "mascarade"]
[Black "fabianobueno21"]
[Result "0-1"]
[WhiteElo "1946"]
[BlackElo "1877"]

1. Nf3 Nf6 2. d4 d5 3. g3 g6 4. Bg2 Bg7 5. c3 O-O 6. Nbd2 Nc6 7. O-O Bf5 8. Nh4
Bg4 9. h3 Be6 10. e4 dxe4 11. Nxe4 Nxe4 12. Bxe4 Bxh3 13. Re1 e5 14. Bxc6 bxc6
15. Qa4 exd4 16. Qxc6 dxc3 17. bxc3 Qf6 18. Qe4 Qxc3 19. Bf4 Qa5 20. Nf3 Bxa1
0-1

[Event "AUTO-ADV-4273"]
[Site "http://www.queenalice.com/game.php?id=1592729"]
[Date "2019.12.11"]
[Round "1"]
[White "fabianobueno21"]
[Black "mascarade"]
[Result "1-0"]
[WhiteElo "1857"]
[BlackElo "1950"]

1. e4 e5 2. Nf3 d6 3. d4 exd4 4. Nxd4 f6 5. Nc3 Bd7 6. Bc4 Qe7 7. O-O c6 8. Re1
c5 9. Nf5 Qd8 10. Nxd6+ Bxd6 11. Qxd6 b6 12. e5 Qe7 13. Qxe7+ Nxe7 14. exf6 gxf6
15. Nd5 1-0

[Event "Challenge"]
[Site "http://www.queenalice.com/game.php?id=1592997"]
[Date "2019.12.14"]
[Round "-"]
[White "MADMIKE"]
[Black "fabianobueno21"]
[Result "0-1"]
[WhiteElo "1868"]
[BlackElo "1840"]

1. d4 d5 2. Nc3 Nf6 3. Bf4 g6 4. Nf3 Bg7 5. h3 O-O 6. e3 c5 7. dxc5 Nbd7 8. Be2
Nxc5 9. O-O b6 10. Ne5 Bb7 11. Rb1 Nfd7 12. Nxd7 Qxd7 13. Bb5 Qf5 14. Bd3 Nxd3
15. cxd3 d4 16. Ne2 dxe3 17. fxe3 Rfd8 18. d4 e5 19. Bxe5 Qe4 20. Rf2 Bxe5 21.
Nc3 Qxe3 22. Ne2 Bxd4 23. Nxd4 Rxd4 24. Qf1 Re8 25. Kh1 Qxh3+ 26. Kg1 Qe3 27.
Rc1 Rh4 28. Rc3 Qh6 29. Rh3 Rxh3 30. gxh3 Qg5+ 31. Rg2 Qxg2+ 32. Qxg2 Bxg2 0-1

[Event "Challenge"]
[Site "http://www.queenalice.com/game.php?id=1592998"]
[Date "2019.12.14"]
[Round "-"]
[White "fabianobueno21"]
[Black "MADMIKE"]
[Result "1-0"]
[WhiteElo "1822"]
[BlackElo "1865"]

1. e4 e5 2. Nf3 d6 3. d4 exd4 4. Nxd4 Be7 5. Nc3 Nf6 6. Be2 h6 7. O-O a6 8. Qd3
O-O 9. Qg3 Nh5 10. Bxh5 Bh4 11. Qf3 Bg5 12. Bg4 Bxg4 13. Qxg4 Nc6 14. Nxc6 bxc6
15. Bxg5 hxg5 16. Rad1 f6 17. Qe6+ Rf7 18. Rd3 Rb8 19. b3 Kf8 20. Rh3 Kg8 21.
Qf5 Qe7 22. Qh7+ 1-0

[Event "AUTO-ADV-4288"]
[Site "http://www.queenalice.com/game.php?id=1597047"]
[Date "2020.1.22"]
[Round "1"]
[White "Fischercat"]
[Black "fabianobueno21"]
[Result "0-1"]
[WhiteElo "1928"]
[BlackElo "1978"]

1. d4 d5 2. Bf4 Nf6 3. e3 g6 4. Nc3 Bg7 5. h3 O-O 6. Bd3 c5 7. Nf3 Nc6 8. dxc5
Nd7 9. O-O e5 10. Bg5 f6 11. Bh4 e4 12. Nxd5 exf3 13. gxf3 Nxc5 14. Bc4 Kh8 15.
Bg3 Bxh3 16. Nf4 Bxf1 17. Kxf1 f5 18. Kg2 Qxd1 19. Rxd1 Bxb2 20. Nd5 Rad8 21.
Rb1 Be5 22. f4 Bg7 23. Bh4 Rd7 24. f3 Na5 25. Rb5 b6 26. Be7 Rc8 27. Bxc5 Nxc4
0-1

[Event "AUTO-ADV-4288"]
[Site "http://www.queenalice.com/game.php?id=1597048"]
[Date "2020.1.22"]
[Round "1"]
[White "fabianobueno21"]
[Black "Fischercat"]
[Result "1-0"]
[WhiteElo "1963"]
[BlackElo "1943"]

1. e4 e5 2. Nf3 d6 3. d4 exd4 4. Nxd4 c5 5. Nf3 h6 6. Bb5+ Bd7 7. Bc4 Be7 8. Qd5
Be6 9. Qxb7 Nd7 10. Bxe6 fxe6 11. Nc3 a6 12. O-O Ngf6 13. Qb3 e5 14. Nh4 Qb6 15.
Qc4 O-O-O 16. Nf5 Bf8 17. a4 g6 18. Ne3 h5 19. Ned5 Nxd5 20. Nxd5 Qb7 21. Ra3
Rh7 22. Rb3 Qc6 23. Bd2 Rf7 24. Nb6+ Nxb6 25. Qxf7 Nc4 26. Qxc4 Rd7 27. Ba5 Rb7
28. Rxb7 Qxb7 29. f4 Bh6 30. Qg8+ 1-0

[Event "AUTO-ADV-4288"]
[Site "http://www.queenalice.com/game.php?id=1597061"]
[Date "2020.1.22"]
[Round "1"]
[White "worldwide"]
[Black "fabianobueno21"]
[Result "0-1"]
[WhiteElo "1936"]
[BlackElo "1907"]

1. Nf3 Nf6 2. d4 d5 3. e3 g6 4. Be2 Bg7 5. Bd2 O-O 6. Na3 c5 7. c4 cxd4 8. Nxd4
e5 9. Ndc2 Nc6 10. O-O Re8 11. Nb4 d4 12. Nxc6 bxc6 13. c5 d3 0-1

[Event "AUTO-ADV-4288"]
[Site "http://www.queenalice.com/game.php?id=1597062"]
[Date "2020.1.22"]
[Round "1"]
[White "fabianobueno21"]
[Black "worldwide"]
[Result "1-0"]
[WhiteElo "1932"]
[BlackElo "1938"]

1. e4 e5 2. Nf3 d6 3. d4 exd4 4. Nxd4 Bd7 5. Nc3 Nc6 6. Nxc6 Bxc6 7. Bb5 Ne7 8.
Qd3 a6 9. Bxc6+ Nxc6 10. Nd5 Ne5 11. Qb3 b5 12. Be3 Nc4 13. Qc3 c6 14. Bb6 Nxb6
15. Qxc6+ Qd7 16. Qxb6 Rc8 17. Qxa6 1-0

[Event "AUTO-ADV-4288"]
[Site "http://www.queenalice.com/game.php?id=1597071"]
[Date "2020.1.22"]
[Round "1"]
[White "fabianobueno21"]
[Black "jenyasm"]
[Result "1-0"]
[WhiteElo "1896"]
[BlackElo "1762"]

1. e4 e5 2. Nf3 Nc6 3. Bb5 Bd6 4. O-O Nf6 5. d4 Nxe4 6. dxe5 Bc5 7. Qe2 Nxf2 8.
Rxf2 Bxf2+ 9. Qxf2 O-O 10. Bg5 Qe8 11. Qg3 h6 12. Bxh6 g6 13. Bxf8 Qxf8 14. Nc3
d6 15. Rf1 Be6 16. Ng5 Bf5 17. Rxf5 gxf5 18. Ne6+ 1-0

[Event "AUTO-ADV-4288"]
[Site "http://www.queenalice.com/game.php?id=1597072"]
[Date "2020.1.22"]
[Round "1"]
[White "jenyasm"]
[Black "fabianobueno21"]
[Result "0-1"]
[WhiteElo "1732"]
[BlackElo "1924"]

1. e4 c5 2. Nf3 Nc6 3. d4 cxd4 4. Nxd4 e5 5. Nf3 Nf6 6. Nc3 Bb4 7. Bc4 Bxc3+ 8.
bxc3 Qa5 9. Bd2 Nxe4 10. O-O d5 11. Bb3 Be6 12. c4 Nxd2 13. Nxd2 Rd8 14. cxd5
Bxd5 15. Qe2 Bxg2 16. Kxg2 Rxd2 17. Qc4 O-O 18. Rad1 Rxd1 19. Rxd1 Nd4 20. h3
Qb6 21. Re1 Qg6+ 22. Kf1 Nf3 23. Re3 Nd2+ 0-1

[Event "Challenge"]
[Site "http://www.queenalice.com/game.php?id=1599232"]
[Date "2020.2.12"]
[Round "-"]
[White "colatina"]
[Black "fabianobueno21"]
[Result "0-1"]
[WhiteElo "1735"]
[BlackElo "1956"]

1. e4 e5 2. Nf3 Nc6 3. d4 exd4 4. Nxd4 Nf6 5. Nxc6 bxc6 6. e5 Qe7 7. Bg5 Qxe5+
8. Qe2 Qxe2+ 9. Bxe2 Rb8 10. O-O Rxb2 11. Bxf6 gxf6 12. Re1 Bb4 13. c3 Ba5 14.
Ba6+ Kd8 15. Bxc8 Kxc8 16. Kf1 Rc2 17. Re3 Rc1+ 18. Ke2 Bb6 19. Rf3 Re8+ 20. Kd3
Ree1 21. Rxf6 Rxb1 22. Rxb1 Rxb1 23. Rxf7 h6 24. Rf8+ Kb7 25. Rh8 Rb2 26. f4
Rxg2 27. Rxh6 Rxa2 28. f5 Rf2 29. h4 Rxf5 30. Ke4 Rf1 31. h5 Rh1 32. Rh8 a5 33.
Kd3 d5 34. c4 dxc4+ 35. Kxc4 Rh4+ 36. Kb3 Bd4 37. Rh7 c5 38. Ka4 Kb6 39. Kb3 c6
40. Kc2 a4 41. Kb1 Rh2 42. Kc1 a3 43. Rh8 a2 44. Ra8 a1=Q+ 0-1

[Event "Challenge"]
[Site "http://www.queenalice.com/game.php?id=1599510"]
[Date "2020.2.14"]
[Round "-"]
[White "colatina"]
[Black "fabianobueno21"]
[Result "0-1"]
[WhiteElo "1743"]
[BlackElo "1948"]

1. e4 e5 2. Nf3 Nc6 3. d4 exd4 4. Nxd4 Nf6 5. Nxc6 bxc6 6. e5 Qe7 7. Qe2 Nd5 8.
Nc3 Nxc3 9. bxc3 g6 10. f4 Bg7 11. a4 O-O 12. h4 d6 13. h5 Re8 14. hxg6 hxg6 15.
Bd2 dxe5 16. O-O-O Qa3+ 17. Kb1 Rb8+ 18. Qb5 cxb5 19. Bxb5 Be6 20. c4 Bxc4 21.
c3 Qxa4 22. Be3 Rxb5+ 0-1

[Event "AUTO-ADV-4288"]
[Site "http://www.queenalice.com/game.php?id=1614444"]
[Date "2020.5.30"]
[Round "2"]
[White "fabianobueno21"]
[Black "bdpq"]
[Result "1-0"]
[WhiteElo "1992"]
[BlackElo "1648"]

1. e4 d5 2. exd5 Qxd5 3. Nc3 Qd8 4. Nf3 Bg4 5. h3 Be6 6. Be2 Nc6 7. d4 Bd5 8.
Nxd5 e6 9. Nc3 Bb4 10. O-O Bxc3 11. bxc3 Nf6 12. Rb1 b6 13. Bb5 O-O 14. Bxc6 Rb8
15. Ne5 Qd6 16. Rb3 Rfd8 17. Ba3 Qxe5 18. dxe5 Rd2 19. Re1 Rxd1 20. Rxd1 a6 21.
exf6 gxf6 22. Be7 b5 23. Rb4 Kg7 24. Rg4+ Kh6 25. Bxf6 1-0

[Event "AUTO-ADV-4288"]
[Site "http://www.queenalice.com/game.php?id=1614445"]
[Date "2020.5.30"]
[Round "2"]
[White "bdpq"]
[Black "fabianobueno21"]
[Result "0-1"]
[WhiteElo "1632"]
[BlackElo "1994"]

1. e4 e5 2. d4 exd4 3. Qxd4 Nc6 4. Qd1 Bb4+ 5. Bd2 Bc5 6. Nh3 Nf6 7. Bd3 d5 8.
exd5 Bxh3 9. gxh3 Qxd5 10. Qe2+ Kf8 11. Rg1 Re8 12. Be3 Nd4 13. Qd1 Nf3+ 14. Ke2
Qh5 15. Rg3 Nd5 16. Qh1 Nxe3 17. Qxf3 Nxc2+ 18. Kf1 Qxf3 19. Rxf3 Nxa1 20. Nc3
c6 21. Kg2 g6 22. Ne4 Bd4 23. Kg3 Bxb2 24. Kg4 Kg7 25. Ng5 f5+ 26. Kg3 h6 27.
Re3 Rxe3+ 28. Nf3 Rxd3 29. Kg2 Nc2 30. Kg3 Nd4 31. Kg2 Nxf3 32. Kf1 Re8 33. Kg2
Re1 34. Kg3 Be5+ 35. Kg2 Rg1# 0-1

[Event "AUTO-ADV-4288"]
[Site "http://www.queenalice.com/game.php?id=1630874"]
[Date "2020.10.25"]
[Round "3"]
[White "Prosperidade"]
[Black "fabianobueno21"]
[Result "0-1"]
[WhiteElo "1927"]
[BlackElo "1996"]

1. Nf3 Nc6 2. d4 d5 3. Nc3 Bf5 4. a3 Nf6 5. Bf4 e6 6. h3 Bd6 7. e3 h6 8. Bb5 a6
9. Be2 Bxf4 10. exf4 O-O 11. O-O Ne4 0-1

[Event "AUTO-ADV-4288"]
[Site "http://www.queenalice.com/game.php?id=1630875"]
[Date "2020.10.25"]
[Round "3"]
[White "fabianobueno21"]
[Black "Prosperidade"]
[Result "1-0"]
[WhiteElo "2009"]
[BlackElo "1830"]

1. e4 c5 2. Nf3 Nc6 3. d4 cxd4 4. Nxd4 e5 5. Nf3 Nf6 6. Bd3 d5 7. exd5 Nxd5 8.
O-O Be6 9. Ng5 Qd7 10. Nxe6 Qxe6 11. Bc4 Rd8 12. Qd3 Bc5 13. Nc3 1-0